000 00733nam a22002292 4500
001 0000000597
003 OSt
005 20230612131501.0
008 070213s xx 000 0 eng d
020 _a1594521744
040 _aKABU
_cKABU
050 0 _aBR128
_b.G44 2012
100 1 _aGehman, Richard J.,
_d1935-.
245 1 0 _aAfrican traditional religion in biblical perspective /
_cRichard J. Gehman.
260 _aNairobi :
_bEAEP,
_c1989.
300 _axiv, 386 p.
504 _aIncludes bibliographical references (p. 303-308) and index.
908 _a070213
942 _2lcc
_cBK
999 _c20179
_d20178